Watsons statistics. - September 1993 - December 1993 (Record no. 91804)

MARC details
000 -LEADER
fixed length control field 00687cam a2200265 4500
001 - CONTROL NUMBER
control field J1838
008 - FIXED-LENGTH DATA ELEMENTS--GENERAL INFORMATION
fixed length control field 090401t1993 xxu||||| |||| 00| 0 eng d
035 ## - SYSTEM CONTROL NUMBER
System control number (Sirsi) u45697
041 ## - LANGUAGE CODE
Language code of text/sound track or separate title eng
050 ## - LIBRARY OF CONGRESS CALL NUMBER
Classification number 314.1
110 ## - MAIN ENTRY--CORPORATE NAME
Corporate name or jurisdiction name as entry element R. Watson and Sons
9 (RLIN) 1641
245 ## - TITLE STATEMENT
Title Watsons statistics. - September 1993 - December 1993
260 ## - PUBLICATION, DISTRIBUTION, ETC.
Place of publication, distribution, etc. Reigate, Surrey
Name of publisher, distributor, etc. R. Watson and Sons
Date of publication, distribution, etc. 1993
300 ## - PHYSICAL DESCRIPTION
Extent 4 pt. ; 21cm.
350 ## - PRICE (NR) (BK AM CF MU VM SE) [OBSOLETE]
Price 0
520 ## - SUMMARY, ETC.
Summary, etc. Published monthly.
650 ## - SUBJECT ADDED ENTRY--TOPICAL TERM
Topical term or geographic name entry element BANK BASE RATES
650 ## - SUBJECT ADDED ENTRY--TOPICAL TERM
Topical term or geographic name entry element INFLATION
650 ## - SUBJECT ADDED ENTRY--TOPICAL TERM
Topical term or geographic name entry element INVESTMENT
650 ## - SUBJECT ADDED ENTRY--TOPICAL TERM
Topical term or geographic name entry element PENSIONS
650 ## - SUBJECT ADDED ENTRY--TOPICAL TERM
Topical term or geographic name entry element ALL ITEMS RETAIL PRICES INDEX
690 ## - LOCAL SUBJECT ADDED ENTRY--TOPICAL TERM (OCLC, RLIN)
Topical term or geographic name as entry element ECONOMIC AND SOCIAL
942 ## - ADDED ENTRY ELEMENTS (KOHA)
Suppress in OPAC 0
948 ## - LOCAL PROCESSING INFORMATION (OCLC); SERIES PART DESIGNATOR (RLIN)
c (OCLC) 04/03/1997
Holdings
Withdrawn status Lost status Source of classification or shelving scheme Damaged status Not for loan Home library Current library Shelving location Date acquired Total Checkouts Full call number Barcode Date last seen Copy number Price effective from Koha item type
    Dewey Decimal Classification     London London Statistics 12/10/1993   STATISTICS 30039838 06/08/2019 1 06/08/2019 Reference material
    Dewey Decimal Classification     London London Statistics 12/10/1993   STATISTICS 30039839 06/08/2019 2 06/08/2019 Reference material
    Dewey Decimal Classification     London London Statistics 08/12/1993   STATISTICS 30040243 06/08/2019 3 06/08/2019 Reference material
    Dewey Decimal Classification     London London Statistics 20/12/1993   STATISTICS 30040337 06/08/2019 4 06/08/2019 Reference material